Quantitative Aptitude for Competitive Examinations (Record no. 12679)
[ view plain ]
| 000 -LEADER | |
|---|---|
| fixed length control field | 00374nam a22001457a 4500 |
| 003 - CONTROL NUMBER IDENTIFIER | |
| control field | OSt |
| 008 - FIXED-LENGTH DATA ELEMENTS--GENERAL INFORMATION | |
| fixed length control field | 240509b |||||||| |||| 00| 0 eng d |
| 020 ## - INTERNATIONAL STANDARD BOOK NUMBER | |
| International Standard Book Number | 9789355012326 |
| 082 ## - DEWEY DECIMAL CLASSIFICATION NUMBER | |
| Classification number | 371.264 AGQ |
| 100 ## - MAIN ENTRY--PERSONAL NAME | |
| Personal name | AGGARWAL,RS. |
| 245 ## - TITLE STATEMENT | |
| Title | Quantitative Aptitude for Competitive Examinations |
| 260 ## - PUBLICATION, DISTRIBUTION, ETC. (IMPRINT) | |
| Place of publication, distribution, etc | New Delhi |
| Name of publisher, distributor, etc | S Chand Publishing |
| Date of publication, distribution, etc | 2022 |
| 300 ## - PHYSICAL DESCRIPTION | |
| Extent | 910 |
| 942 ## - ADDED ENTRY ELEMENTS (KOHA) | |
| Source of classification or shelving scheme | Dewey Decimal Classification |
| Koha item type | Text Books |
| Withdrawn status | Lost status | Source of classification or shelving scheme | Damaged status | Not for loan | Collection code | Home library | Current library | Date acquired | Source of acquisition | Currency | Cost, normal purchase price | Bill Number | Total Checkouts | Full call number | Acc. no. / Barcode | Date last seen | Actual Cost, discounted price | Bill Date | Koha item type | Date last borrowed |
|---|---|---|---|---|---|---|---|---|---|---|---|---|---|---|---|---|---|---|---|---|
| Dewey Decimal Classification | GENERAL | PIET C-LIBRARY | PIET C-LIBRARY | 27/03/2024 | Zafaa Books and Distributors | In rupees | 799.00 | ZBD0461 | 371.264 AGQ | 36789 | 09/05/2024 | 559.30 | 27/03/2024 | Reference Books | ||||||
| Dewey Decimal Classification | GENERAL | PIET C-LIBRARY | PIET C-LIBRARY | 27/03/2024 | Zafaa Books and Distributors | In rupees | 799.00 | ZBD0461 | 5 | 371.264 AGQ | 36790 | 18/05/2026 | 559.30 | 27/03/2024 | Text Books | 12/05/2026 |